[Event "Eastern Asia-ch U20"]
[Site "Kota Kinabalu"]
[Date "2023.12.07"]
[Round "8"]
[White "Arca, Christian Gian Karl"]
[Black "Cu, Ivan Travis"]
[Result "1-0"]
[WhiteElo "2317"]
[BlackElo "1909"]
[PlyCount "149"]
[EventDate "2023.12.02"]
[EventType "swiss"]
[EventRounds "9"]
[EventCountry "MAS"]
[SourceTitle "CB50_2023"]
[SourceDate "2023.12.13"]
[SourceVersion "1"]
[SourceVersionDate "2023.12.13"]
[SourceQuality "1"]

1. Nf3 c5 2. c4 Nf6 3. b3 g6 4. Bb2 Bg7 5. g3 b6 6. Bg2 Bb7 7. 0-0 0-0 8. d4 d5 9. dxc5 dxc4 10. bxc4 bxc5 11. Nc3 Ne4 12. Qb3 Qb6 13. Qc2 Nxc3 14. Bxc3 Qc7 15. Bxg7 Kxg7 16. Rab1 Bc6 17. Qc3+ Kg8 18. Qe5 Qxe5 19. Nxe5 Bxg2 20. Kxg2 Rc8 21. Rb7 Kf8 22. Rd1 Ke8 23. Rd5 f6 24. Nd3 Nc6 25. Rxc5 Nd8 26. Rxc8 Rxc8 27. Rxa7 Rxc4 28. Nf4 Rd4 29. a4 g5 30. Nd3 Nc6 31. Ra8+ Kd7 32. f4 Rc4 33. fxg5 fxg5 34. a5 Kc7 35. Rh8 Nxa5 36. Rxh7 Nc6 37. Rg7 Re4 38. Kf2 Nd4 39. e3 Rxe3 40. Kxe3 Nf5+ 41. Kf3 Nxg7 42. Kg4 Ne6 43. Ne5 Kd6 44. Nf7+ Kd5 45. Nxg5 Nxg5 46. Kxg5 e5 47. h4 e4 48. Kf4 Kd4 49. h5 e3 50. h6 e2 51. h7 e1Q 52. h8Q+ Kd5 53. Qh5+ Kd6 54. Qg6+ Kd7 55. Qf5+ Kd8 56. Qd5+ Kc8 57. g4 Qh4 58. Qe6+ Kd8 59. Kf5 Qh7+ 60. Kg5 Qg7+ 61. Kh5 Qh7+ 62. Qh6 Qf7+ 63. Qg6 Qf3 64. Kh6 Ke7 65. g5 Qh1+ 66. Kg7 Kd8 67. Qe6 Qb7+ 68. Qf7 Qg2 69. g6 Kc8 70. Kf8 Qh2 71. Qe6+ Kd8 72. Qd5+ Kc8 73. g7 Qh6 74. Qf5+ Kc7 75. Kf7 1-0

[Event "Eastern Asia-ch U20"]
[Site "Kota Kinabalu"]
[Date "2023.12.07"]
[Round "7"]
[White "Cu, Ivan Travis"]
[Black "Concio, Michael Jr"]
[Result "0-1"]
[WhiteElo "1909"]
[BlackElo "2403"]
[PlyCount "114"]
[EventDate "2023.12.02"]
[EventType "swiss"]
[EventRounds "9"]
[EventCountry "MAS"]
[SourceTitle "CB50_2023"]
[SourceDate "2023.12.13"]
[SourceVersion "1"]
[SourceVersionDate "2023.12.13"]
[SourceQuality "1"]

1. Nf3 Nf6 2. c4 e6 3. g3 d5 4. Bg2 dxc4 5. Qa4+ Nbd7 6. Qxc4 a6 7. Qc2 c5 8. Nc3 Qc7 9. a4 b6 10. d3 Bb7 11. 0-0 Rc8 12. Bf4 Bd6 13. Bxd6 Qxd6 14. Rfd1 0-0 15. d4 Rfd8 16. Rd2 Bxf3 17. dxc5 Qxc5 18. Bxf3 Ne5 19. Bb7 Neg4 20. e3 Ne5 21. Rxd8+ Rxd8 22. Rd1 Rxd1+ 23. Qxd1 g5 24. Bxa6 Qb4 25. Qe2 g4 26. Kg2 Qd6 27. Bb7 Qc7 28. Qa6 Nfd7 29. Qa8+ Kg7 30. Qc8 Qd6 31. Nb5 Qd1 32. Qc3 Qxa4 33. Bc6 Kf8 34. Nd4 Nxc6 35. Nxc6 Qe4+ 36. Kf1 f6 37. Nd4 Ke7 38. Qb4+ Kf7 39. Ke2 Nc5 40. Qc4 Nd7 41. b4 f5 42. Qc7 Qd5 43. b5 e5 44. Qc6 Qa2+ 45. Ke1 Qb1+ 46. Kd2 Qb2+ 47. Kd1 Qb1+ 48. Kd2 Nf6 49. Qc4+ Kg6 50. Qd3 Qb4+ 51. Ke2 exd4 52. exd4 Qb2+ 53. Kf1 Ne4 54. Qe3 Qxb5+ 55. Kg1 Ng5 56. h4 Qb1+ 57. Kh2 Nf3+ 0-1

[Event "Eastern Asia-ch U20"]
[Site "Kota Kinabalu"]
[Date "2023.12.05"]
[Round "5"]
[White "Labog, Jan Clifford"]
[Black "Cu, Ivan Travis"]
[Result "1-0"]
[WhiteElo "1818"]
[BlackElo "1909"]
[PlyCount "97"]
[EventDate "2023.12.02"]
[EventType "swiss"]
[EventRounds "9"]
[EventCountry "MAS"]
[SourceTitle "CB50_2023"]
[SourceDate "2023.12.13"]
[SourceVersion "1"]
[SourceVersionDate "2023.12.13"]
[SourceQuality "1"]

1. Nf3 Nf6 2. b3 g6 3. Bb2 Bg7 4. g3 b6 5. Bg2 Bb7 6. 0-0 c5 7. c4 0-0 8. d3 d5 9. Nbd2 Nc6 10. a3 Qd7 11. Ne5 Nxe5 12. Bxe5 Nh5 13. Bxg7 Nxg7 14. b4 dxc4 15. Bxb7 Qxb7 16. Nxc4 Rac8 17. Qd2 Nf5 18. Rfb1 Rfd8 19. b5 Rd4 20. a4 Nh4 21. Ne3 Nf5 22. Nxf5 gxf5 23. Qg5+ Kh8 24. Qxf5 e6 25. Qf6+ Kg8 26. a5 bxa5 27. Rxa5 Rc7 28. Rba1 Qb8 29. Ra6 Rb7 30. Qg5+ Kh8 31. Qxc5 Rd5 32. Qc3+ e5 33. Rc6 Kg7 34. Rc8 Qd6 35. Ra6 Rb6 36. Rxa7 Rdxb5 37. Rcc7 Qg6 38. Rc5 Qd6 39. Rxb5 Rxb5 40. Qc4 Rb1+ 41. Kg2 Qg6 42. Re7 Qf6 43. Re8 Rb2 44. Qc8 Qd6 45. Qg4+ Qg6 46. Qxg6+ hxg6 47. Rxe5 Kf6 48. d4 Rd2 49. e3 1-0

[Event "Johor op-A 7th"]
[Site "Johor"]
[Date "2022.12.30"]
[Round "8"]
[White "Cu, Ivan Travis"]
[Black "Nguyen, Thanh Thuy Tien"]
[Result "1-0"]
[WhiteElo "1832"]
[BlackElo "1939"]
[PlyCount "79"]
[EventDate "2022.12.26"]
[EventType "swiss"]
[EventRounds "9"]
[EventCountry "MAS"]
[SourceTitle "CBM 212 Extra"]
[Source "ChessBase"]
[SourceDate "2023.03.31"]
[SourceVersion "1"]
[SourceVersionDate "2023.03.31"]
[SourceQuality "1"]

1. Nf3 Nf6 2. c4 e6 3. g3 d5 4. Bg2 d4 5. e3 c5 6. exd4 cxd4 7. 0-0 Nc6 8. d3 h6 9. Bf4 Bd6 10. Bxd6 Qxd6 11. Re1 0-0 12. a3 a5 13. Nbd2 e5 14. Qc2 Bf5 15. c5 Qe7 16. Nc4 e4 17. Nd6 exd3 18. Qa4 Qd7 19. Nxd4 Bg4 20. Nxc6 bxc6 21. Qd4 Be2 22. Bf1 Bxf1 23. Rxf1 Qh3 24. f3 Rfb8 25. Rad1 Nd7 26. Ne4 Rb3 27. Rxd3 Rxd3 28. Qxd3 Rb8 29. Qc3 a4 30. Qd4 Qf5 31. Rf2 Rb3 32. Kg2 Ne5 33. Nd6 Qf6 34. Qe4 Nd3 35. Rc2 Nxb2 36. Rd2 Qc3 37. Qf4 f6 38. Re2 Rb8 39. Nf5 Rd8 40. Qc7 1-0

[Event "Johor op-A 7th"]
[Site "Johor"]
[Date "2022.12.28"]
[Round "4"]
[White "Cu, Ivan Travis"]
[Black "Gunawan, Ronny"]
[Result "1/2-1/2"]
[WhiteElo "1832"]
[BlackElo "2225"]
[PlyCount "89"]
[EventDate "2022.12.26"]
[EventType "swiss"]
[EventRounds "9"]
[EventCountry "MAS"]
[SourceTitle "CBM 212 Extra"]
[Source "ChessBase"]
[SourceDate "2023.03.31"]
[SourceVersion "1"]
[SourceVersionDate "2023.03.31"]
[SourceQuality "1"]

1. Nf3 d6 2. d4 Nd7 3. c4 c6 4. g3 e5 5. Nc3 Ngf6 6. e4 Be7 7. Bg2 0-0 8. 0-0 Qc7 9. h3 Re8 10. Be3 Bf8 11. Qc2 g6 12. Rac1 Bg7 13. Rfd1 h6 14. b3 Nf8 15. Na4 exd4 16. Nxd4 Qe7 17. Nc3 Kh7 18. Rd2 N8d7 19. Re1 Nc5 20. Bf4 Nfd7 21. Red1 Ne5 22. Nde2 Bf8 23. Rxd6 Qxd6 24. Rxd6 Bxd6 25. Bxh6 a5 26. Be3 a4 27. Nxa4 Nxa4 28. bxa4 Bc7 29. f4 Nd7 30. c5 Nf6 31. Bd4 Nh5 32. Bb2 Bd8 33. g4 Ng7 34. Qc3 f6 35. g5 Rf8 36. Qg3 Nh5 37. Qh4 fxg5 38. fxg5 Rxa4 39. Bf6 Rxf6 40. gxf6 Bxf6 41. Qf2 Rxa2 42. Qe3 Rxe2 43. Qxe2 Bd4+ 44. Kh2 Be5+ 45. Kg1 1/2-1/2